| 000 | 00396nam a2200133 a 4500 | ||
|---|---|---|---|
| 005 | 20141022142001.0 | ||
| 008 | 100924s19uu xx 00 eng d | ||
| 050 |
_aDVD _bE2 2006 |
||
| 245 |
_aEvent Management: _bplanning, organising, leading and controlling. |
||
| 260 |
_aChicago , Illinois : _bVideo Education Australia, _cc2006. |
||
| 650 | _aBusiness. | ||
| 650 | _aEconomics. | ||
| 942 | _cAVM | ||
| 999 |
_c276285 _d276285 |
||